[Event "ODJM B 2017"]
[Site "Willingen GER"]
[Date "2017.06.06"]
[Round "4"]
[White "Strohschneider, Leon"]
[Black "Neppert, Paul"]
[Result "1-0"]
[Termination "normal"]
[Board "3"]
[WhiteElo "1302"]
[BlackElo "1598"]
[WhiteClock "00:50:21"]
[BlackClock "00:24:52"]
[PlyCount "99"]
[WhiteFideId "16211634"]
[BlackFideId "16219414"]
[EventCountry "GER"]
[EventRounds "9"]
[EventType "swiss"]
[EventDate "2017.06.03"]

1. e4 {[%clk 1:30:57]} 1... e5 {[%clk 1:30:56]} 2. Nf3 {[%clk 1:31:17]} 2...
Nc6 {[%clk 1:31:19]} 3. Nc3 {[%clk 1:31:35]} 3... Nf6 {[%clk 1:31:40]} 4. d4 {
[%clk 1:31:42]} 4... exd4 {[%clk 1:31:59]} 5. Nxd4 {[%clk 1:31:39]} 5... Bb4 {
[%clk 1:32:09]} 6. Nxc6 {[%clk 1:31:52]} 6... bxc6 {[%clk 1:32:26]} 7. Bd3 {
[%clk 1:31:55]} 7... d5 {[%clk 1:31:56]} 8. exd5 {[%clk 1:31:48]} 8... cxd5 {
[%clk 1:32:19]} 9. O-O {[%clk 1:31:56]} 9... O-O {[%clk 1:32:28]} 10. Bg5 {
[%clk 1:31:58]} 10... c6 {[%clk 1:31:54]} 11. h3 {[%clk 1:31:54]} 11... h6 {
[%clk 1:30:35]} 12. Bh4 {[%clk 1:30:37]} 12... Be7 {[%clk 1:29:24]} 13. Qf3 {
[%clk 1:29:12]} 13... Be6 {[%clk 1:27:58]} 14. Rfe1 {[%clk 1:26:49]} 14... Rb8
{[%clk 1:25:17]} 15. Rab1 {[%clk 1:25:30]} 15... Bb4 {[%clk 1:16:50]} 16. Red1
{[%clk 1:22:42]} 16... Be7 {[%clk 1:15:34]} 17. Ne2 {[%clk 1:12:28]} 17... Rb7
{[%clk 1:00:52]} 18. Nd4 {[%clk 1:07:44]} 18... Qd7 {[%clk 0:54:02]} 19. Nxe6 {
[%clk 1:03:12]} 19... fxe6 {[%clk 0:50:21]} 20. Qe2 {[%clk 0:54:54]} 20... Bd6
{[%clk 0:48:25]} 21. c4 {[%clk 0:49:57]} 21... e5 {[%clk 0:37:46]} 22. cxd5 {
[%clk 0:44:59]} 22... cxd5 {[%clk 0:38:06]} 23. Bxf6 {[%clk 0:44:25]} 23...
Rxf6 {[%clk 0:37:32]} 24. Bc2 {[%clk 0:44:41]} 24... d4 {[%clk 0:30:55]} 25.
Qe4 {[%clk 0:43:37]} 25... g6 {[%clk 0:30:09]} 26. Bb3+ {[%clk 0:43:54]} 26...
Kg7 {[%clk 0:30:02]} 27. Qd5 {[%clk 0:42:37]} 27... Rb8 {[%clk 0:29:57]} 28.
Re1 {[%clk 0:42:27]} 28... Qf5 {[%clk 0:28:34]} 29. Rf1 {[%clk 0:40:01]} 29...
Rbf8 {[%clk 0:27:02]} 30. Rbe1 {[%clk 0:36:12]} 30... Qc8 {[%clk 0:14:51]} 31.
Rc1 {[%clk 0:29:09]} 31... Qd8 {[%clk 0:13:25]} 32. Qb7+ {[%clk 0:26:34]} 32...
Qe7 {[%clk 0:11:43]} 33. Qxe7+ {[%clk 0:26:42]} 33... Bxe7 {[%clk 0:12:03]} 34.
Rc7 {[%clk 0:27:05]} 34... Re8 {[%clk 0:12:06]} 35. Ba4 {[%clk 0:26:58]} 35...
Kf8 {[%clk 0:09:50]} 36. Bxe8 {[%clk 0:27:18]} 36... Kxe8 {[%clk 0:10:13]} 37.
Rxa7 {[%clk 0:27:20]} 37... Rb6 {[%clk 0:09:31]} 38. b3 {[%clk 0:27:33]} 38...
Rc6 {[%clk 0:09:03]} 39. Rd1 {[%clk 0:26:45]} 39... Bb4 {[%clk 0:07:44]} 40. a3
{[%clk 0:26:01]} 40... Bc3 {[%clk 0:07:24]} 41. b4 {[%clk 0:25:10]} 41... e4 {
[%clk 0:06:58]} 42. b5 {[%clk 0:24:19]} 42... Rb6 {[%clk 0:06:07]} 43. a4 {
[%clk 0:24:26]} 43... Kd8 {[%clk 0:05:57]} 44. Rb1 {[%clk 0:22:05]} 44... d3 {
[%clk 0:03:50]} 45. a5 {[%clk 0:22:14]} 45... Rb8 {[%clk 0:02:22]} 46. b6 {
[%clk 0:21:17]} 46... d2 {[%clk 0:02:10]} 47. Rd1 {[%clk 0:21:16]} 47... Bb4 {
[%clk 0:27:18]} 48. Rh7 {[%clk 0:51:04]} 48... Rc8 {[%clk 0:25:17]} 49. b7 {
[%clk 0:50:11]} 49... Rb8 {[%clk 0:24:52]} 50. a6 {[%clk 0:50:21]} 1-0

[Event "ODJM B 2017"]
[Site "Willingen GER"]
[Date "2017.06.06"]
[Round "4"]
[White "Schulter, Moritz"]
[Black "Thorz, Maximilian"]
[Result "0-1"]
[Termination "normal"]
[Board "4"]
[WhiteElo "1324"]
[BlackElo "1596"]
[WhiteClock "00:09:46"]
[BlackClock "01:09:24"]
[PlyCount "46"]
[WhiteFideId "16245067"]
[BlackFideId "16220668"]
[EventCountry "GER"]
[EventRounds "9"]
[EventType "swiss"]
[EventDate "2017.06.03"]

1. e4 {[%clk 1:30:59]} 1... c5 {[%clk 1:30:54]} 2. Nf3 {[%clk 1:31:21]} 2... d6
{[%clk 1:31:19]} 3. d4 {[%clk 1:31:22]} 3... cxd4 {[%clk 1:31:41]} 4. Nxd4 {
[%clk 1:31:47]} 4... Nf6 {[%clk 1:32:08]} 5. Nc3 {[%clk 1:31:47]} 5... a6 {
[%clk 1:32:34]} 6. Be3 {[%clk 1:29:52]} 6... e5 {[%clk 1:32:58]} 7. Nb3 { [%clk
1:27:59]} 7... Be6 {[%clk 1:33:14]} 8. Be2 {[%clk 1:27:32]} 8... b5 { [%clk
1:32:32]} 9. O-O {[%clk 1:24:01]} 9... Nbd7 {[%clk 1:32:16]} 10. f4 { [%clk
1:19:05]} 10... b4 {[%clk 1:27:22]} 11. Nd5 {[%clk 1:17:19]} 11... Bxd5 { [%clk
1:24:11]} 12. exd5 {[%clk 1:17:21]} 12... Nb6 {[%clk 1:23:52]} 13. fxe5 { [%clk
1:11:48]} 13... dxe5 {[%clk 1:23:33]} 14. Rf5 {[%clk 1:07:08]} 14... Bd6 {[%clk
1:22:39]} 15. Qd2 {[%clk 0:43:26]} 15... Nbxd5 {[%clk 1:17:49]} 16. Rd1 {[%clk
0:38:10]} 16... Nxe3 {[%clk 1:13:40]} 17. Qxe3 {[%clk 0:38:20]} 17... Qc7
{[%clk 1:13:55]} 18. Bf3 {[%clk 0:33:01]} 18... Rd8 {[%clk 1:13:55]} 19. Qg5
{[%clk 0:21:57]} 19... O-O {[%clk 1:08:37]} 20. Rxf6 {[%clk 0:18:27]} 20... Be7
{[%clk 1:08:57]} 21. Rc6 {[%clk 0:18:45]} 21... Qa7+ {[%clk 1:09:02]} 22. Kf1
{[%clk 0:09:35]} 22... Bxg5 {[%clk 1:09:12]} 23. Rxd8 {[%clk 0:09:46]} 23...
Rxd8 {[%clk 1:09:24]} 0-1

[Event "ODJM B 2017"]
[Site "Willingen GER"]
[Date "2017.06.06"]
[Round "4"]
[White "Ding, Zheheng"]
[Black "Lohrmann, Linus"]
[Result "1-0"]
[Termination "normal"]
[Board "5"]
[WhiteElo "1800"]
[BlackElo "1422"]
[WhiteClock "01:32:04"]
[BlackClock "01:21:18"]
[PlyCount "133"]
[WhiteFideId "16240413"]
[BlackFideId "12982857"]
[EventCountry "GER"]
[EventRounds "9"]
[EventType "swiss"]
[EventDate "2017.06.03"]

1. d4 {[%clk 1:30:29]} 1... d5 {[%clk 1:30:54]} 2. Bf4 {[%clk 1:30:40]} 2...
Nc6 {[%clk 1:31:01]} 3. e3 {[%clk 1:31:03]} 3... Nf6 {[%clk 1:31:00]} 4. h3 {
[%clk 1:31:14]} 4... e6 {[%clk 1:30:49]} 5. c4 {[%clk 1:31:28]} 5... Bd7 {
[%clk 1:30:29]} 6. Nc3 {[%clk 1:31:47]} 6... Bb4 {[%clk 1:29:51]} 7. a3 { [%clk
1:31:50]} 7... Bxc3+ {[%clk 1:29:46]} 8. bxc3 {[%clk 1:32:18]} 8... O-O { [%clk
1:29:22]} 9. Nf3 {[%clk 1:32:46]} 9... Re8 {[%clk 1:29:31]} 10. Bd3 { [%clk
1:31:50]} 10... dxc4 {[%clk 1:28:56]} 11. Bxc4 {[%clk 1:32:18]} 11... Nd5
{[%clk 1:27:30]} 12. Bxd5 {[%clk 1:32:05]} 12... exd5 {[%clk 1:27:47]} 13. O-O
{[%clk 1:32:18]} 13... h6 {[%clk 1:27:50]} 14. Qc2 {[%clk 1:31:38]} 14... Ne7 {
[%clk 1:25:48]} 15. c4 {[%clk 1:30:28]} 15... Bf5 {[%clk 1:25:32]} 16. Qb3 {
[%clk 1:30:13]} 16... c6 {[%clk 1:25:18]} 17. Qxb7 {[%clk 1:27:14]} 17... Bd3 {
[%clk 1:25:38]} 18. Rfc1 {[%clk 1:26:34]} 18... Bxc4 {[%clk 1:25:33]} 19. Qb4 {
[%clk 1:25:42]} 19... Rb8 {[%clk 1:25:34]} 20. Bxb8 {[%clk 1:26:08]} 20... a5 {
[%clk 1:25:21]} 21. Qb2 {[%clk 1:25:49]} 21... a4 {[%clk 1:24:39]} 22. Rxc4 {
[%clk 1:25:55]} 22... dxc4 {[%clk 1:24:48]} 23. Bg3 {[%clk 1:26:13]} 23... Nd5
{[%clk 1:24:33]} 24. Ne5 {[%clk 1:25:01]} 24... c3 {[%clk 1:24:41]} 25. Qc2 {
[%clk 1:25:30]} 25... Qg5 {[%clk 1:23:35]} 26. h4 {[%clk 1:25:19]} 26... Nxe3 {
[%clk 1:22:22]} 27. fxe3 {[%clk 1:23:59]} 27... Qxg3 {[%clk 1:22:19]} 28. Qf2 {
[%clk 1:24:21]} 28... Qxf2+ {[%clk 1:21:38]} 29. Kxf2 {[%clk 1:24:46]} 29... c5
{[%clk 1:22:05]} 30. Rc1 {[%clk 1:24:22]} 30... cxd4 {[%clk 1:21:17]} 31. exd4
{[%clk 1:24:50]} 31... Rc8 {[%clk 1:21:16]} 32. Ke3 {[%clk 1:24:45]} 32... f6 {
[%clk 1:21:29]} 33. Nf3 {[%clk 1:25:14]} 33... g5 {[%clk 1:20:31]} 34. hxg5 {
[%clk 1:25:42]} 34... fxg5 {[%clk 1:20:43]} 35. Kd3 {[%clk 1:25:51]} 35... g4 {
[%clk 1:20:38]} 36. Ne5 {[%clk 1:26:00]} 36... g3 {[%clk 1:19:56]} 37. Rxc3 {
[%clk 1:26:19]} 37... Rf8 {[%clk 1:20:00]} 38. Nf3 {[%clk 1:26:37]} 38... Kg7 {
[%clk 1:19:39]} 39. Rc6 {[%clk 1:25:59]} 39... Kf7 {[%clk 1:18:52]} 40. Ne5+ {
[%clk 1:25:12]} 40... Ke7 {[%clk 1:18:53]} 41. Ng6+ {[%clk 1:25:39]} 41... Kd7
{[%clk 1:18:59]} 42. Nxf8+ {[%clk 1:26:06]} 42... Kxc6 {[%clk 1:18:55]} 43. Ng6
{[%clk 1:26:21]} 43... Kd6 {[%clk 1:19:00]} 44. Nh4 {[%clk 1:25:51]} 44... Kd7
{[%clk 1:19:13]} 45. Nf5 {[%clk 1:26:17]} 45... Kd8 {[%clk 1:19:11]} 46. Nxg3 {
[%clk 1:26:45]} 46... Kd7 {[%clk 1:18:58]} 47. Kc4 {[%clk 1:27:07]} 47... Kc6 {
[%clk 1:18:48]} 48. d5+ {[%clk 1:27:27]} 48... Kd7 {[%clk 1:18:21]} 49. Kc5 {
[%clk 1:27:53]} 49... Ke8 {[%clk 1:18:37]} 50. Kc6 {[%clk 1:28:13]} 50... h5 {
[%clk 1:18:49]} 51. Nxh5 {[%clk 1:28:33]} 51... Kf7 {[%clk 1:19:10]} 52. Kc7 {
[%clk 1:28:51]} 52... Kg6 {[%clk 1:19:29]} 53. d6 {[%clk 1:29:11]} 53... Kxh5 {
[%clk 1:19:54]} 54. d7 {[%clk 1:29:35]} 54... Kg6 {[%clk 1:20:20]} 55. d8=Q {
[%clk 1:29:42]} 55... Kf5 {[%clk 1:20:42]} 56. Qd4 {[%clk 1:30:01]} 56... Ke6 {
[%clk 1:20:37]} 57. Kc6 {[%clk 1:29:42]} 57... Kf5 {[%clk 1:20:40]} 58. Qe3 {
[%clk 1:30:09]} 58... Kf6 {[%clk 1:20:50]} 59. Qe4 {[%clk 1:30:28]} 59... Kg5 {
[%clk 1:20:52]} 60. Qf3 {[%clk 1:30:56]} 60... Kg6 {[%clk 1:20:55]} 61. Kd6 {
[%clk 1:31:20]} 61... Kg5 {[%clk 1:19:54]} 62. Ke5 {[%clk 1:31:09]} 62... Kg6 {
[%clk 1:20:11]} 63. Qf4 {[%clk 1:31:17]} 63... Kg7 {[%clk 1:20:28]} 64. Qf5 {
[%clk 1:31:38]} 64... Kh8 {[%clk 1:20:43]} 65. Qg5 {[%clk 1:31:37]} 65... Kh7 {
[%clk 1:20:55]} 66. Kf6 {[%clk 1:32:04]} 66... Kh8 {[%clk 1:21:18]} 67. Qg7#
1-0

[Event "ODJM B 2017"]
[Site "Willingen GER"]
[Date "2017.06.06"]
[Round "4"]
[White "Rautenberg, Jakob"]
[Black "Abicht, Aruna Sophia"]
[Result "1-0"]
[Termination "normal"]
[Board "6"]
[WhiteElo "1695"]
[BlackElo "1281"]
[WhiteClock "00:28:48"]
[BlackClock "00:31:43"]
[PlyCount "109"]
[WhiteFideId "16214749"]
[EventCountry "GER"]
[EventRounds "9"]
[EventType "swiss"]
[EventDate "2017.06.03"]

1. e4 {[%clk 1:30:58]} 1... e5 {[%clk 1:30:52]} 2. Nf3 {[%clk 1:31:22]} 2...
Nc6 {[%clk 1:31:15]} 3. d4 {[%clk 1:31:44]} 3... exd4 {[%clk 1:31:39]} 4. Nxd4
{[%clk 1:32:11]} 4... Bc5 {[%clk 1:32:01]} 5. Be3 {[%clk 1:32:29]} 5... Qf6 {
[%clk 1:32:26]} 6. c3 {[%clk 1:32:35]} 6... Nge7 {[%clk 1:32:43]} 7. Bc4 {
[%clk 1:32:29]} 7... O-O {[%clk 1:33:02]} 8. O-O {[%clk 1:32:28]} 8... d6 {
[%clk 1:32:34]} 9. Nxc6 {[%clk 1:32:00]} 9... Nxc6 {[%clk 1:32:52]} 10. Bxc5 {
[%clk 1:32:03]} 10... dxc5 {[%clk 1:33:15]} 11. Qe2 {[%clk 1:28:49]} 11... Rd8
{[%clk 1:29:15]} 12. Nd2 {[%clk 1:23:34]} 12... a6 {[%clk 1:26:20]} 13. Rad1 {
[%clk 1:19:49]} 13... Be6 {[%clk 1:23:42]} 14. Bxe6 {[%clk 1:13:33]} 14... Qxe6
{[%clk 1:23:42]} 15. Qc4 {[%clk 1:13:39]} 15... Qxc4 {[%clk 1:23:32]} 16. Nxc4
{[%clk 1:12:29]} 16... b5 {[%clk 1:23:24]} 17. Ne3 {[%clk 1:11:49]} 17... Rxd1
{[%clk 1:21:58]} 18. Rxd1 {[%clk 1:12:12]} 18... Rd8 {[%clk 1:22:11]} 19. Rxd8+
{[%clk 1:12:36]} 19... Nxd8 {[%clk 1:22:35]} 20. Nd5 {[%clk 1:11:51]} 20... Ne6
{[%clk 1:21:56]} 21. f3 {[%clk 1:06:50]} 21... Kf8 {[%clk 1:18:11]} 22. Kf2 {
[%clk 1:05:42]} 22... c6 {[%clk 1:18:14]} 23. Ne3 {[%clk 1:05:15]} 23... Nf4 {
[%clk 1:16:45]} 24. Nd1 {[%clk 1:02:26]} 24... c4 {[%clk 1:15:02]} 25. a3 {
[%clk 1:00:00]} 25... a5 {[%clk 1:11:52]} 26. g3 {[%clk 0:56:30]} 26... Nd3+ {
[%clk 1:09:45]} 27. Ke3 {[%clk 0:53:39]} 27... Ke7 {[%clk 1:08:48]} 28. f4 {
[%clk 0:52:35]} 28... Ke6 {[%clk 1:07:59]} 29. b4 {[%clk 0:41:25]} 29... axb4 {
[%clk 1:05:06]} 30. axb4 {[%clk 0:38:34]} 30... Kd6 {[%clk 1:01:47]} 31. Kd4 {
[%clk 0:38:02]} 31... f6 {[%clk 0:58:38]} 32. Ne3 {[%clk 0:37:02]} 32... g6 {
[%clk 0:56:00]} 33. Ng4 {[%clk 0:34:58]} 33... Nc1 {[%clk 0:42:57]} 34. Ke3 {
[%clk 0:32:27]} 34... c5 {[%clk 0:40:58]} 35. bxc5+ {[%clk 0:29:49]} 35... Kxc5
{[%clk 0:41:19]} 36. Nxf6 {[%clk 0:29:59]} 36... b4 {[%clk 0:41:12]} 37. cxb4+
{[%clk 0:29:57]} 37... Kxb4 {[%clk 0:41:36]} 38. e5 {[%clk 0:28:22]} 38... Kc5
{[%clk 0:40:13]} 39. Ne4+ {[%clk 0:28:07]} 39... Kd5 {[%clk 0:39:17]} 40. Nc3+
{[%clk 0:28:09]} 40... Ke6 {[%clk 0:38:15]} 41. Kd4 {[%clk 0:27:57]} 41... Nd3
{[%clk 0:37:42]} 42. Kxc4 {[%clk 0:27:58]} 42... Nxe5+ {[%clk 0:38:04]} 43.
fxe5 {[%clk 0:28:14]} 43... Kxe5 {[%clk 0:38:28]} 44. Kd3 {[%clk 0:27:50]}
44... Kf5 {[%clk 0:38:48]} 45. h3 {[%clk 0:27:30]} 45... g5 {[%clk 0:37:50]}
46. Ke3 {[%clk 0:27:32]} 46... g4 {[%clk 0:34:50]} 47. h4 {[%clk 0:27:55]}
47... Ke5 {[%clk 0:32:22]} 48. Nb5 {[%clk 0:27:28]} 48... h5 {[%clk 0:31:15]}
49. Nd4 {[%clk 0:27:18]} 49... Kd5 {[%clk 0:31:21]} 50. Nf5 {[%clk 0:27:31]}
50... Ke5 {[%clk 0:30:50]} 51. Ng7 {[%clk 0:27:54]} 51... Kf6 {[%clk 0:31:08]}
52. Nxh5+ {[%clk 0:28:19]} 52... Kg6 {[%clk 0:31:33]} 53. Nf4+ {[%clk 0:28:24]}
53... Kf5 {[%clk 0:31:54]} 54. Nd3 {[%clk 0:28:41]} 54... Kg6 {[%clk 0:31:43]}
55. Kf4 {[%clk 0:28:48]} 1-0

[Event "ODJM B 2017"]
[Site "Willingen GER"]
[Date "2017.06.06"]
[Round "4"]
[White "Frank, Carolin"]
[Black "Ljuca, Semir"]
[Result "1-0"]
[Termination "normal"]
[Board "7"]
[WhiteElo "1487"]
[BlackElo "1263"]
[PlyCount "123"]
[WhiteFideId "16207190"]
[BlackFideId "16216130"]
[EventCountry "GER"]
[EventRounds "9"]
[EventType "swiss"]
[EventDate "2017.06.03"]

1. Nf3 d5 2. g3 e6 3. Bg2 Nf6 4. d4 Be7 5. O-O O-O 6. c4 b6 7. Nc3 Bb7 8. cxd5
exd5 9. Qc2 Nbd7 10. a4 Ne4 11. Bf4 Nxc3 12. Qxc3 c5 13. a5 Bf6 14. e3 Ba6 15.
Rfc1 Rc8 16. Qd2 cxd4 17. Rxc8 Qxc8 18. Nxd4 Bxd4 19. Qxd4 Nf6 20. axb6 axb6
21. Qxb6 Bd3 22. Qd4 Bg6 23. Be5 Re8 24. Bxf6 gxf6 25. Qxf6 Re6 26. Qd4 Rc6 27.
Bxd5 Rc1+ 28. Rxc1 Qxc1+ 29. Kg2 Qc8 30. b4 Bf5 31. Qh4 Qc2 32. Qc4 Qxc4 33.
Bxc4 Be4+ 34. Kh3 Bf5+ 35. Kh4 Kg7 36. b5 Be4 37. b6 Bb7 38. Kg5 f6+ 39. Kf5 h5
40. e4 h4 41. Bd5 hxg3 42. hxg3 Ba6 43. b7 Bxb7 44. Bxb7 Kf7 45. f4 Kg7 46. g4
Kf7 47. Bd5+ Ke7 48. Kg6 Kf8 49. Kxf6 Ke8 50. g5 Kf8 51. g6 Ke8 52. g7 Kd7 53.
g8=Q Kc7 54. Qf7+ Kb6 55. Qb7+ Kc5 56. e5 Kd4 57. e6 Kc5 58. e7 Kd4 59. e8=Q
Kd3 60. Qe4+ Kd2 61. Qb2+ Kd1 62. Bb3# 1-0

[Event "ODJM B 2017"]
[Site "Willingen GER"]
[Date "2017.06.06"]
[Round "4"]
[White "Wagner, Margarethe"]
[Black "Haase, Dominik"]
[Result "1/2-1/2"]
[Termination "normal"]
[Board "8"]
[WhiteElo "1293"]
[BlackElo "1468"]
[PlyCount "84"]
[WhiteFideId "16236947"]
[BlackFideId "16208781"]
[EventCountry "GER"]
[EventRounds "9"]
[EventType "swiss"]
[EventDate "2017.06.03"]

1. e4 e6 2. d4 d5 3. e5 c5 4. c3 Nc6 5. Nf3 Qb6 6. Be2 Nge7 7. O-O cxd4 8. cxd4
Nf5 9. b3 Nfxd4 10. Nxd4 Qxd4 11. Qxd4 Nxd4 12. Bd3 Bd7 13. Be3 Nc6 14. f4 Nb4
15. Rd1 Rc8 16. Bxa7 Ra8 17. Be3 Rxa2 18. Rxa2 Nxa2 19. Nd2 Nb4 20. Be2 Be7 21.
Rc1 Bc6 22. Nf3 h6 23. Nd4 Kd7 24. Kf2 Ra8 25. Kg3 Rc8 26. Kg4 g6 27. h4 h5+
28. Kh3 b6 29. Nxc6 Nxc6 30. Bb5 Bb4 31. g3 Be7 32. Bxb6 f6 33. Be3 Ba3 34. Rc2
Be7 35. Kg2 f5 36. Kf2 Bf8 37. Ke2 Be7 38. Ba4 Bf8 39. Kd1 Be7 40. Kc1 Bf8 41.
Kb1 Bb4 42. Bf2 Ba5 1/2-1/2

[Event "ODJM B 2017"]
[Site "Willingen GER"]
[Date "2017.06.06"]
[Round "4"]
[White "Bayer, Oliver"]
[Black "Roth, Ludwig"]
[Result "0-1"]
[Termination "normal"]
[Board "9"]
[WhiteElo "1284"]
[BlackElo "1425"]
[PlyCount "86"]
[WhiteFideId "16243978"]
[BlackFideId "12952621"]
[EventCountry "GER"]
[EventRounds "9"]
[EventType "swiss"]
[EventDate "2017.06.03"]

1. e4 d6 2. Nf3 Nf6 3. Nc3 g6 4. d4 Bg7 5. Be3 O-O 6. Qd2 c6 7. Bh6 b5 8. Bxg7
Kxg7 9. a3 a5 10. Be2 Na6 11. b4 Bb7 12. Na2 Nxe4 13. Qd1 axb4 14. axb4 Qb6 15.
O-O Rfd8 16. Bd3 c5 17. Re1 f5 18. bxc5 dxc5 19. dxc5 Qxc5 20. Qe2 Bc6 21. Bxe4
Bxe4 22. Ng5 Bd5 23. Qe5+ Kg8 24. Ne6 Bxe6 25. Qxe6+ Kf8 26. Re2 Nb4 27. c3
Nxa2 28. Rexa2 Rxa2 29. Qxa2 Qxc3 30. g3 Qd2 31. Qb3 b4 32. Rb1 Rd4 33. Qe6 Re4
34. Qc8+ Kg7 35. Kg2 Re1 36. Rxe1 Qxe1 37. Qb8 Qc3 38. Qa7 Kf7 39. Qa5 Qc6+ 40.
Kg1 b3 41. Qa3 Qc2 42. Qa8 Qb1+ 43. Kg2 Qe4+ 0-1

[Event "ODJM B 2017"]
[Site "Willingen GER"]
[Date "2017.06.06"]
[Round "4"]
[White "Götz, Timon"]
[Black "Cheredzhiyska, Iva"]
[Result "0-1"]
[Termination "normal"]
[Board "10"]
[WhiteElo "1385"]
[BlackElo "1091"]
[PlyCount "124"]
[WhiteFideId "16245040"]
[BlackFideId "16241622"]
[EventCountry "GER"]
[EventRounds "9"]
[EventType "swiss"]
[EventDate "2017.06.03"]

1. c4 e5 2. e3 Nf6 3. a3 d5 4. cxd5 Nxd5 5. Qc2 Be6 6. b3 Bd6 7. Bb2 Nc6 8. Nf3
f6 9. Be2 Qd7 10. d3 Qf7 11. Nbd2 Nde7 12. b4 a6 13. Nc4 O-O 14. Nxd6 cxd6 15.
O-O Qg6 16. Rfd1 Rac8 17. Qd2 f5 18. Bf1 f4 19. exf4 Rxf4 20. Kh1 Rcf8 21. Be2
Bd5 22. Rg1 Rxf3 23. gxf3 Rxf3 24. Rxg6 Rxd3+ 25. f3 Rxd2 26. Rxd6 Rxe2 27. Rb1
Bxf3+ 28. Kg1 Rg2+ 29. Kf1 Rxh2 30. Bc1 Nf5 31. Rd2 Ng3+ 32. Kg1 Rh1+ 33. Kf2
Ne4+ 34. Ke3 Nxd2 35. Kxd2 Nd4 36. Ke3 g5 37. Kf2 g4 38. a4 Ne2 39. b5 Rxc1 40.
Rb2 axb5 41. Rxb5 e4 42. a5 Rc2 43. Rb6 h5 44. a6 bxa6 45. Rxa6 h4 46. Rb6 Nc3+
47. Ke1 Re2+ 48. Kf1 Nd5 49. Rd6 Ne3+ 50. Kg1 Rg2+ 51. Kh1 Rd2+ 52. Kg1 Rxd6
53. Kf2 g3+ 54. Kxe3 g2 55. Kf2 e3+ 56. Kxf3 g1=Q 57. Ke4 Qg4+ 58. Kxe3 Qe6+
59. Kf4 Qc4+ 60. Kf3 Rd3+ 61. Ke2 Qc2+ 62. Ke1 Rd1# 0-1

[Event "ODJM B 2017"]
[Site "Willingen GER"]
[Date "2017.06.06"]
[Round "4"]
[White "Youness, Fatima"]
[Black "Wirth, Tobias"]
[Result "1/2-1/2"]
[Termination "normal"]
[Board "11"]
[WhiteElo "1493"]
[BlackElo "1383"]
[PlyCount "155"]
[WhiteFideId "16214404"]
[BlackFideId "16230213"]
[EventCountry "GER"]
[EventRounds "9"]
[EventType "swiss"]
[EventDate "2017.06.03"]

1. e4 d5 2. exd5 Qxd5 3. Nc3 Qd6 4. d4 Nf6 5. Nf3 Bf5 6. Bc4 e6 7. g3 c6 8. O-O
Be7 9. Bf4 Qd8 10. Ne5 Nbd7 11. Qe2 O-O 12. Rad1 Nb6 13. Bb3 Nfd5 14. Qf3 Nxf4
15. Qxf4 Nd5 16. Nxd5 cxd5 17. g4 Bg5 18. Qg3 Bh4 19. Qe3 Bg6 20. Nxg6 hxg6 21.
f4 Be7 22. Rde1 Bf6 23. g5 Be7 24. h4 Bd6 25. Qf3 Re8 26. h5 gxh5 27. Qxh5 g6
28. Qh6 Bf8 29. Qh4 Bg7 30. c3 a5 31. Re2 a4 32. Bc2 Qc7 33. Bd3 a3 34. Qe1
Rec8 35. Rc2 axb2 36. Qb1 Qa5 37. Qxb2 Rxc3 38. Qxc3 Qxc3 39. Rxc3 Bxd4+ 40.
Kg2 Bxc3 41. Bb1 Ra4 42. Rf2 Rd4 43. Kf3 b5 44. Bc2 b4 45. Bb3 Bd2 46. Kg4 Bc3
47. Re2 Bd2 48. Rf2 Kg7 49. Rf1 Be3 50. Rf3 Bd2 51. Kg3 Bc3 52. Re3 Rd2 53. Rf3
d4 54. Bc4 Bb2 55. Kh3 Rc2 56. Bb3 Rc3 57. Rxc3 bxc3 58. Bc2 Ba3 59. Kg4 Kf8
60. Kf3 Ke8 61. Ke4 Bc5 62. Ke5 Bd6+ 63. Ke4 Ke7 64. Kxd4 Bxf4 65. Kxc3 Bxg5
66. Kd4 Bd2 67. a4 Kd6 68. Bb3 e5+ 69. Kd3 Ba5 70. Bxf7 g5 71. Ke4 Ke7 72. Kxe5
Bc7+ 73. Kf5 Bf4 74. Bc4 Kd7 75. a5 Kc8 76. Bd5 Kb8 77. Bc4 Ka7 78. a6 1/2-1/2

[Event "ODJM B 2017"]
[Site "Willingen GER"]
[Date "2017.06.06"]
[Round "4"]
[White "Robelly, David"]
[Black "Jung, Melanie"]
[Result "0-1"]
[Termination "normal"]
[Board "12"]
[WhiteElo "1058"]
[BlackElo "1359"]
[PlyCount "110"]
[WhiteFideId "16236300"]
[BlackFideId "16222911"]
[EventCountry "GER"]
[EventRounds "9"]
[EventType "swiss"]
[EventDate "2017.06.03"]

1. e4 e5 2. Nf3 Nc6 3. d4 exd4 4. Bc4 Nf6 5. e5 d5 6. Bb5 Ne4 7. Nxd4 Bd7 8.
Bxc6 bxc6 9. O-O Bc5 10. Be3 Bb6 11. Nd2 Nxd2 12. Qxd2 c5 13. Nf3 d4 14. Bg5
Qc8 15. c3 Bb5 16. Rfe1 d3 17. Rac1 c4 18. b3 O-O 19. Nd4 Ba6 20. Nc6 Qg4 21.
Ne7+ Kh8 22. Nd5 Bb7 23. bxc4 Qxc4 24. Nf4 h6 25. Be7 Rfe8 26. Bb4 Qc6 27. c4
Bd4 28. Qxd3 Bxe5 29. Nd5 Rad8 30. Qh3 Qa4 31. Be7 Rd7 32. Rxe5 Bxd5 33. Rxd5
Rxd5 34. cxd5 Rxe7 35. Qc8+ Qe8 36. Qxe8+ Rxe8 37. Kf1 Re7 38. Re1 Rxe1+ 39.
Kxe1 Kg8 40. Ke2 Kf8 41. Ke3 Ke7 42. Ke4 Kd6 43. Kd4 f5 44. f4 g5 45. fxg5 hxg5
46. g3 f4 47. gxf4 gxf4 48. Ke4 f3 49. Kxf3 Kxd5 50. Kf4 c5 51. h4 c4 52. h5 c3
53. h6 c2 54. h7 c1=Q+ 55. Kf5 Qc2+ 0-1

[Event "ODJM B 2017"]
[Site "Willingen GER"]
[Date "2017.06.06"]
[Round "4"]
[White "Langer, Paul Georg"]
[Black "Seliokaite, Ana"]
[Result "1/2-1/2"]
[Termination "normal"]
[Board "13"]
[WhiteElo "1414"]
[BlackElo "1283"]
[PlyCount "70"]
[WhiteFideId "16230051"]
[BlackFideId "16224817"]
[EventCountry "GER"]
[EventRounds "9"]
[EventType "swiss"]
[EventDate "2017.06.03"]

1. e4 c5 2. Nc3 g6 3. Nge2 Bg7 4. d3 Nc6 5. Be3 b6 6. g3 Nf6 7. h3 O-O 8. Bg2
Bb7 9. O-O Ne5 10. Qd2 Ne8 11. Bh6 Nc7 12. Bxg7 Kxg7 13. f4 Nc6 14. g4 Nd4 15.
Nxd4 cxd4 16. Ne2 d5 17. Ng3 dxe4 18. Bxe4 Bxe4 19. dxe4 f6 20. h4 Qd7 21. f5
e5 22. g5 Qc6 23. h5 Qc5 24. Kh1 Ne8 25. Rf2 Qc6 26. Raf1 Nd6 27. Re1 Rf7 28.
b3 Rg8 29. gxf6+ Rxf6 30. hxg6 hxg6 31. fxg6 Rh8+ 32. Rh2 Rxh2+ 33. Qxh2 Rxg6
34. Qg2 Qe8 35. Qf3 Qh8+ 1/2-1/2